[Event "Lloyds Bank Masters 16th"]
[Site "London"]
[Date "1992.08.26"]
[Round "5"]
[White "Gurevich, Ilya"]
[Black "Adams, Michael"]
[Result "1/2-1/2"]
[WhiteElo "2510"]
[BlackElo "2610"]
[PlyCount "88"]
[EventDate "1992.08.22"]
[EventType "swiss"]
[EventRounds "10"]
[EventCountry "ENG"]
[SourceTitle "BritBase"]
[Source "John Saunders"]
[SourceDate "2023.12.16"]
[SourceVersion "1"]
[SourceVersionDate "2023.12.16"]
[SourceQuality "1"]

1. e4 e5 2. Nf3 Nc6 3. Bb5 a6 4. Ba4 Nf6 5. O-O Be7 6. Re1 b5 7. Bb3 O-O 8. d4
d6 9. c3 Bg4 10. Be3 exd4 11. cxd4 Na5 12. Bc2 c5 13. dxc5 dxc5 14. Nbd2 Nc6
15. Qe2 Nd7 16. Rad1 Qc7 17. h3 Bh5 18. Nf1 Nde5 19. g4 Nxf3+ 20. Qxf3 Bg6 21.
Ng3 c4 22. Qg2 Bd6 23. Ne2 Rad8 24. f4 f6 25. a3 Kh8 26. h4 Bf7 27. h5 h6 28.
Kh1 Rfe8 29. Qf2 Qc8 30. Qf3 a5 31. Ng3 Bf8 32. Kh2 Be6 33. e5 Rxd1 34. Rxd1
fxe5 35. f5 Bg8 36. f6 Nd4 37. Rxd4 exd4 38. Bxd4 Qc7 39. g5 Rd8 40. Qe3 Rxd4
41. Qxd4 gxf6 42. gxf6 Bf7 43. Qe4 Bg8 44. Qd4 Bf7 1/2-1/2

[Event "Lloyds Bank Masters 16th"]
[Site "London"]
[Date "1992.08.26"]
[Round "5"]
[White "Ledger, Andrew J"]
[Black "Frias Pablaza, Victor J"]
[Result "0-1"]
[WhiteElo "2335"]
[BlackElo "2460"]
[PlyCount "80"]
[EventDate "1992.08.22"]
[EventType "swiss"]
[EventRounds "10"]
[EventCountry "ENG"]
[SourceTitle "BritBase"]
[Source "John Saunders"]
[SourceDate "2023.12.16"]
[SourceVersion "1"]
[SourceVersionDate "2023.12.16"]
[SourceQuality "1"]

1. c4 Nf6 2. Nc3 c5 3. g3 g6 4. Bg2 Bg7 5. Nf3 Nc6 6. O-O d6 7. a3 O-O 8. Rb1
b6 9. b4 Bb7 10. d3 Qd7 11. Bf4 Nd4 12. Nxd4 Bxg2 13. Kxg2 cxd4 14. Ne4 Nxe4
15. dxe4 e5 16. Bd2 Qc6 17. Qc2 Rfc8 18. Rfc1 f5 19. f3 fxe4 20. Qxe4 Qxe4 21.
fxe4 Rc7 22. Rb2 Rac8 23. Rbc2 b5 24. c5 Rc6 25. Bg5 dxc5 26. Rxc5 Rxc5 27.
bxc5 Bf8 28. a4 bxa4 29. c6 Bd6 30. Rc4 a3 31. Ra4 Rxc6 32. Rxa7 Bf8 33. Kf1
Rc2 34. Ke1 a2 35. Kd1 d3 36. exd3 Rxh2 37. Kc1 Bc5 38. Ra8+ Kf7 39. Bd2 Rh1+
40. Kb2 Bd4+ 0-1

[Event "Lloyds Bank Masters 16th"]
[Site "London"]
[Date "1992.08.26"]
[Round "5"]
[White "Sadler, Matthew D"]
[Black "Davies, Nigel Rodney"]
[Result "1/2-1/2"]
[WhiteElo "2515"]
[BlackElo "2460"]
[PlyCount "68"]
[EventDate "1992.08.22"]
[EventType "swiss"]
[EventRounds "10"]
[EventCountry "ENG"]
[SourceTitle "BritBase"]
[Source "John Saunders"]
[SourceDate "2023.12.16"]
[SourceVersion "1"]
[SourceVersionDate "2023.12.16"]
[SourceQuality "1"]

1. d4 e6 2. c4 Bb4+ 3. Nc3 c5 4. e3 Nc6 5. Nge2 cxd4 6. exd4 d5 7. c5 Nge7 8.
a3 Bxc3+ 9. bxc3 b6 10. cxb6 axb6 11. Ng3 O-O 12. h4 Nf5 13. Nxf5 exf5 14. f3
Na5 15. Bf4 Qd7 16. Rb1 Qc6 17. Kf2 Ba6 18. Bxa6 Rxa6 19. Qd3 Nc4 20. Qxf5 Rxa3
21. Rhc1 Ra2+ 22. Kg3 Re8 23. Ra1 Ra5 24. Re1 Re6 25. h5 h6 26. Qd3 Qe8 27. Kf2
Qd8 28. Qf5 Qh4+ 29. Bg3 Qg5 30. Qxg5 hxg5 31. Bc7 Rc6 32. Bd8 f6 33. Rab1 Ra8
34. Be7 Re8 1/2-1/2

[Event "Lloyds Bank Masters 16th"]
[Site "London"]
[Date "1992.08.26"]
[Round "5"]
[White "Thipsay, Praveen Mahadeo"]
[Black "Merriman, John"]
[Result "1-0"]
[WhiteElo "2475"]
[BlackElo "2235"]
[PlyCount "49"]
[EventDate "1992.08.22"]
[EventType "swiss"]
[EventRounds "10"]
[EventCountry "ENG"]
[SourceTitle "BritBase"]
[Source "John Saunders"]
[SourceDate "2023.12.16"]
[SourceVersion "1"]
[SourceVersionDate "2023.12.16"]
[SourceQuality "1"]

1. e4 e6 2. d4 d5 3. e5 c5 4. c3 Nc6 5. Nf3 Qb6 6. a3 c4 7. Be2 Bd7 8. O-O f6
9. Nbd2 Nh6 10. exf6 gxf6 11. b3 cxb3 12. Nxb3 Nf5 13. Bd3 O-O-O 14. Bf4 Bd6
15. Bxd6 Nxd6 16. Rb1 Qc7 17. Nc5 e5 18. dxe5 fxe5 19. Bc2 e4 20. Ng5 Rde8 21.
Nf7 Rhg8 22. Qxd5 Nxf7 23. Rxb7 Qxb7 24. Nxb7 Nfe5 25. Na5 1-0

[Event "Lloyds Bank Masters 16th"]
[Site "London"]
[Date "1992.08.26"]
[Round "5"]
[White "Timoscenko, Gennadij A"]
[Black "Zilberman, Yaacov"]
[Result "1-0"]
[WhiteElo "2515"]
[BlackElo "2490"]
[PlyCount "89"]
[EventDate "1992.08.22"]
[EventType "swiss"]
[EventRounds "10"]
[EventCountry "ENG"]
[SourceTitle "BritBase"]
[Source "John Saunders"]
[SourceDate "2023.12.16"]
[SourceVersion "1"]
[SourceVersionDate "2023.12.16"]
[SourceQuality "1"]

1. d4 Nf6 2. c4 c5 3. d5 e5 4. Nc3 d6 5. e4 g6 6. Be2 Nbd7 7. Bg5 Be7 8. Bh6 a6
9. a4 Bf8 10. Bg5 Be7 11. Bh6 Bf8 12. Bxf8 Kxf8 13. a5 Rb8 14. Qd2 b6 15. axb6
Qxb6 16. Ra2 Kg7 17. Nf3 Rf8 18. O-O Qd8 19. Ne1 Ng8 20. Nd3 Nh6 21. Rb1 f5 22.
f3 fxe4 23. fxe4 Qh4 24. Qe3 Ng4 25. Bxg4 Qxg4 26. Nd1 Rb3 27. N1f2 Qh4 28. Ra3
Rb8 29. b4 cxb4 30. Ra4 b3 31. Ra3 b2 32. Ra2 Rb3 33. Rbxb2 Rc3 34. Rc2 Rb3 35.
Rab2 Ra3 36. Qe1 Qg5 37. Ra2 Rb3 38. Rcb2 Rxb2 39. Rxb2 Nf6 40. Qd2 Qh4 41. Qe3
Rf7 42. Rb6 Rc7 43. Rxd6 Rxc4 44. g3 Qh5 45. Qa7+ 1-0

[Event "Lloyds Bank Masters 16th"]
[Site "London"]
[Date "1992.08.26"]
[Round "5"]
[White "Ward, Christopher G"]
[Black "Norwood, David Robert"]
[Result "1/2-1/2"]
[WhiteElo "2440"]
[BlackElo "2510"]
[PlyCount "81"]
[EventDate "1992.08.22"]
[EventType "swiss"]
[EventRounds "10"]
[EventCountry "ENG"]
[SourceTitle "BritBase"]
[Source "John Saunders"]
[SourceDate "2023.12.16"]
[SourceVersion "1"]
[SourceVersionDate "2023.12.16"]
[SourceQuality "1"]

1. e4 g6 2. d4 d6 3. c4 Bg7 4. Nc3 Nd7 5. Bg5 c5 6. d5 Ne5 7. h3 f5 8. exf5
Bxf5 9. g4 Bd7 10. f4 Nf7 11. Bh4 h5 12. Bg2 Qa5 13. Rc1 hxg4 14. hxg4 Ngh6 15.
g5 Nf5 16. Bf2 Rxh1 17. Bxh1 Qb4 18. Qb3 a5 19. Be4 b5 20. Bd3 e5 21. dxe6 Bxe6
22. Be4 O-O-O 23. Qxb4 axb4 24. Nxb5 Bxb2 25. Rc2 Bg7 26. Ne2 Re8 27. Kf1 Kd7
28. Nc1 Nd8 29. Nb3 Nc6 30. Kg2 Bf7 31. Bxf5+ gxf5 32. Rd2 Bd4 33. Bxd4 cxd4
34. N3xd4 Bxc4 35. Nxc6 Bxb5 36. Nd4 Bc6+ 37. Nxc6 Kxc6 38. Kf3 d5 39. g6 Kc5
40. g7 Rg8 41. Rg2 1/2-1/2

[Event "Lloyds Bank Masters 16th"]
[Site "London"]
[Date "1992.08.26"]
[Round "5"]
[White "Thurlow, Kevin J"]
[Black "Quinn, Mark"]
[Result "0-1"]
[WhiteElo "2095"]
[BlackElo "2280"]
[PlyCount "114"]
[EventDate "1992.08.22"]
[EventType "swiss"]
[EventRounds "10"]
[EventCountry "ENG"]
[SourceTitle "Thurlow, Kevin"]

1. c4 Nf6 2. Nc3 c5 3. Nf3 e6 4. g3 b6 5. Bg2 Bb7 6. O-O a6 7. b3 d6 8. Bb2 Be7
9. Qc2 O-O 10. Rad1 Nbd7 11. e4 Qc7 12. Rfe1 Rfe8 13. d4 cxd4 14. Nxd4 Rac8 15.
Qe2 Bf8 16. Nc2 g6 17. Qd2 b5 18. cxb5 axb5 19. Nd4 b4 20. Na4 Qa5 21. Nc2 Red8
22. a3 d5 23. axb4 Qc7 24. Ne3 dxe4 25. Rc1 Qb8 26. Rxc8 Rxc8 27. b5 Ba8 28.
Bf1 Ne5 29. Bxe5 Qxe5 30. Nc4 Qxb5 31. Ncb6 Qc6 32. Nxa8 Rxa8 33. Qd4 Bg7 34.
Bg2 Qc2 35. Bxe4 Nxe4 36. Qxe4 Rc8 37. Qb7 Bd4 38. Rf1 Kg7 39. Nb6 Rc7 40. Qb8
Qc6 41. Nc4 h5 42. Qd8 Rd7 43. Qh4 Qf3 44. Nd2 Qd3 45. Ne4 Qxb3 46. Qf4 Qd3 47.
h4 Rd5 48. Ng5 Rf5 49. Qc7 Qe2 50. Nh3 e5 51. Qb7 e4 52. Nf4 Rxf4 53. gxf4 Qg4+
54. Kh1 Qxh4+ 55. Kg2 Qg4+ 56. Kh1 Qxf4 57. Qd7 Bxf2 0-1

[Event "Lloyds Bank Masters 16th"]
[Site "London"]
[Date "1992.08.26"]
[Round "5"]
[White "Chandler, Murray G"]
[Black "Morris, Philip J"]
[Result "1-0"]
[WhiteElo "2575"]
[BlackElo "2370"]
[PlyCount "61"]
[EventDate "1992.08.22"]
[EventType "swiss"]
[EventRounds "10"]
[EventCountry "ENG"]
[SourceTitle "ChessBase 2017"]
[Source "ChessBase"]
[SourceDate "1990.06.01"]
[SourceVersion "1"]
[SourceVersionDate "1990.06.01"]
[SourceQuality "1"]

1. e4 e5 2. Nf3 Nc6 3. Nc3 Nf6 4. Bb5 Bb4 5. O-O O-O 6. d3 d6 7. Bg5 Bxc3 8.
bxc3 Qe7 9. Re1 Nd8 10. d4 Ne6 11. Bc1 c5 12. a4 Nc7 13. Bf1 Bg4 14. h3 Bd7 15.
Bg5 Rfd8 16. Bh4 h6 17. Qb1 Bc8 18. a5 Rb8 19. Qc1 Re8 20. dxe5 dxe5 21. Bc4 b5
22. axb6 axb6 23. Bg3 Nd7 24. Qe3 b5 25. Bf1 f6 26. Red1 Nb6 27. Nh4 Be6 28. f4
exf4 29. Bxf4 Ra8 30. Qg3 Na6 31. Bxb5 1-0

[Event "Lloyds Bank Masters 16th"]
[Site "London"]
[Date "1992.08.26"]
[Round "5"]
[White "Volzhin, Alexander"]
[Black "Freeman, Michael Joseph"]
[Result "1-0"]
[WhiteElo "2405"]
[BlackElo "2230"]
[PlyCount "41"]
[EventDate "1992.08.22"]
[EventType "swiss"]
[EventRounds "10"]
[EventCountry "ENG"]
[SourceTitle "chessgamesdotcom"]
[Source "Chessgames.com"]
[SourceDate "2023.12.28"]
[SourceVersion "1"]
[SourceVersionDate "2023.12.28"]
[SourceQuality "1"]

1. d4 d5 2. c4 c6 3. Nc3 Nf6 4. e3 e6 5. Nf3 Nbd7 6. Bd3 dxc4 7. Bxc4 b5 8. Be2
b4 9. Na4 Bb7 10. Bd2 Ne4 11. O-O a5 12. a3 Bd6 13. Qc2 c5 14. dxc5 Qc7 15.
axb4 axb4 16. Bb5 Nexc5 17. Nxc5 Qxc5 18. Rxa8+ Bxa8 19. Qxc5 Bxc5 20. Rc1 Bxf3
21. Rxc5 {Source: chessgames.com} 1-0

[Event "Lloyds Bank Masters 16th"]
[Site "London"]
[Date "1992.08.27"]
[Round "6"]
[White "Ansner, Bjorn"]
[Black "Corkett, Anthony R"]
[Result "0-1"]
[WhiteElo "2230"]
[BlackElo "2340"]
[PlyCount "118"]
[EventDate "1992.08.22"]
[EventType "swiss"]
[EventRounds "10"]
[EventCountry "ENG"]
[SourceTitle "BritBase"]
[Source "John Saunders"]
[SourceDate "2023.12.16"]
[SourceVersion "1"]
[SourceVersionDate "2023.12.16"]
[SourceQuality "1"]

1. d4 Nf6 2. c4 g6 3. Nc3 Bg7 4. e4 d6 5. f4 O-O 6. Nf3 Na6 7. e5 Ng4 8. h3 Nh6
9. Be2 Nf5 10. O-O f6 11. Ne4 c5 12. d5 dxe5 13. fxe5 fxe5 14. Bg5 h6 15. Bd2
Qb6 16. b3 Bd7 17. Rc1 e6 18. d6 Bc6 19. Bd3 Nb4 20. Bxb4 Qxb4 21. Qe2 Rad8 22.
Rcd1 Qb6 23. Nfd2 Be8 24. g4 Nxd6 25. Qe3 Nf5 26. Qe2 Nd4 27. Rxf8+ Kxf8 28.
Qf2+ Ke7 29. Rf1 Kd7 30. Bb1 Kc8 31. Qh2 Qc7 32. Nf6 g5 33. Nxe8 Rxe8 34. Bg6
Rf8 35. Rxf8+ Bxf8 36. Qf2 Bg7 37. Ne4 Qe7 38. Kg2 Kc7 39. Qe3 Qf8 40. a3 b6
41. Nc3 a6 42. Ne2 Qd6 43. Be4 b5 44. Kf1 Bf6 45. Bg2 Nc2 46. Qe4 Qd2 47. Kf2
Nd4 48. Bf3 Kd6 49. Qb7 e4 50. Qxa6+ Nc6 51. Bxe4 Bd4+ 52. Kg3 Qe3+ 53. Kh2
Qxe2+ 54. Bg2 Be5+ 55. Kg1 Qe1+ 56. Bf1 Qe3+ 57. Kh1 Qf3+ 58. Kg1 Qg3+ 59. Kh1
Qh2# 0-1

[Event "Lloyds Bank Masters 16th"]
[Site "London"]
[Date "1992.08.27"]
[Round "6"]
[White "Arkell, Keith C"]
[Black "Babar, Frank"]
[Result "1-0"]
[WhiteElo "2460"]
[BlackElo "2285"]
[PlyCount "73"]
[EventDate "1992.08.22"]
[EventType "swiss"]
[EventRounds "10"]
[EventCountry "ENG"]
[SourceTitle "BritBase"]
[Source "John Saunders"]
[SourceDate "2023.12.16"]
[SourceVersion "1"]
[SourceVersionDate "2023.12.16"]
[SourceQuality "1"]

1. d4 f5 2. g3 g6 3. Bg2 Bg7 4. c4 Nf6 5. b3 c5 6. Nf3 Ne4 7. O-O O-O 8. Bb2 d6
9. Nfd2 Nc6 10. Nxe4 fxe4 11. e3 cxd4 12. exd4 e5 13. d5 Nd4 14. Bxe4 Qf6 15.
Nd2 h5 16. Bxd4 exd4 17. Qc2 Bh3 18. Bg2 Bxg2 19. Kxg2 Rae8 20. Qd3 h4 21. Rad1
Bh6 22. Ne4 h3+ 23. Kg1 Qe5 24. Rfe1 Be3 25. fxe3 Qxe4 26. Qxe4 Rxe4 27. exd4
Rxe1+ 28. Rxe1 Rf3 29. c5 Rf8 30. Re6 dxc5 31. dxc5 Kf7 32. Rd6 Rc8 33. b4 b6
34. c6 Rc7 35. b5 Re7 36. Kf2 Re4 37. c7 1-0

[Event "Lloyds Bank Masters 16th"]
[Site "London"]
[Date "1992.08.27"]
[Round "6"]
[White "Sakhatova, Elvira->Berend"]
[Black "Lalic, Susan Kathryn"]
[Result "1/2-1/2"]
[WhiteElo "2360"]
[BlackElo "2335"]
[PlyCount "68"]
[EventDate "1992.08.22"]
[EventType "swiss"]
[EventRounds "10"]
[EventCountry "ENG"]
[SourceTitle "BritBase"]
[Source "John Saunders"]
[SourceDate "2023.12.16"]
[SourceVersion "1"]
[SourceVersionDate "2023.12.16"]
[SourceQuality "1"]

1. d4 d5 2. c4 e6 3. Nc3 c5 4. cxd5 exd5 5. Nf3 Nc6 6. g3 Nf6 7. Bg2 Be7 8. O-O
O-O 9. Bg5 cxd4 10. Nxd4 h6 11. Be3 Re8 12. Rc1 Bf8 13. Nxc6 bxc6 14. Na4 Bd7
15. Bd4 Ne4 16. Nc5 Bxc5 17. Bxc5 Nxc5 18. Rxc5 Qb6 19. Rc2 Bf5 20. Rd2 Be4 21.
Qc1 Bxg2 22. Kxg2 d4 23. Qc4 c5 24. Rc1 Re5 25. f4 Rf5 26. Qd3 Rf6 27. Qe4 Rd8
28. Qe7 Rfd6 29. b3 Qc6+ 30. Kg1 Re8 31. Qxa7 Qe4 32. Rcd1 Qe3+ 33. Kf1 Qe4 34.
Kg1 Qe3+ 1/2-1/2

[Event "Lloyds Bank Masters 16th"]
[Site "London"]
[Date "1992.08.27"]
[Round "6"]
[White "Davies, Nigel Rodney"]
[Black "Shcherbakov, Ruslan"]
[Result "1/2-1/2"]
[WhiteElo "2460"]
[BlackElo "2530"]
[PlyCount "40"]
[EventDate "1992.08.22"]
[EventType "swiss"]
[EventRounds "10"]
[EventCountry "ENG"]
[SourceTitle "BritBase"]
[Source "John Saunders"]
[SourceDate "2023.12.16"]
[SourceVersion "1"]
[SourceVersionDate "2023.12.16"]
[SourceQuality "1"]

1. e4 c5 2. Nc3 Nc6 3. g3 g6 4. Bg2 Bg7 5. d3 d6 6. f4 e6 7. Nf3 Nge7 8. O-O
O-O 9. Rb1 Bd7 10. Be3 Nd4 11. Ne2 Nxf3+ 12. Bxf3 Qc7 13. Qd2 Rad8 14. c4 b6
15. b4 Bc6 16. Bf2 Kh8 17. Nc3 Nf5 18. Ne2 Ne7 19. Nc3 Nf5 20. Ne2 Ne7 1/2-1/2

[Event "Lloyds Bank Masters 16th"]
[Site "London"]
[Date "1992.08.27"]
[Round "6"]
[White "Emms, John M"]
[Black "Naylor, John"]
[Result "1-0"]
[WhiteElo "2455"]
[BlackElo "2265"]
[PlyCount "79"]
[EventDate "1992.08.22"]
[EventType "swiss"]
[EventRounds "10"]
[EventCountry "ENG"]
[SourceTitle "BritBase"]
[Source "John Saunders"]
[SourceDate "2023.12.16"]
[SourceVersion "1"]
[SourceVersionDate "2023.12.16"]
[SourceQuality "1"]

1. e4 e6 2. d4 d5 3. Nd2 Nf6 4. e5 Nfd7 5. c3 c5 6. Bd3 Nc6 7. Ne2 cxd4 8. cxd4
f6 9. exf6 Nxf6 10. O-O Bd6 11. Nf3 Qc7 12. Bg5 O-O 13. Rc1 Ng4 14. Ng3 Bf4 15.
Bxf4 Qxf4 16. Bb1 Bd7 17. Qd3 g6 18. Rce1 Rf7 19. h3 Nxf2 20. Kxf2 Nxd4 21. Kg1
Nxf3+ 22. Rxf3 Qb4 23. Rxf7 Qxe1+ 24. Rf1 Qb4 25. Qf3 Rf8 26. Qxf8+ Qxf8 27.
Rxf8+ Kxf8 28. Kf2 Ke7 29. Ke3 e5 30. a3 Kf6 31. Ne2 Ke7 32. Kf3 Kd6 33. h4 a5
34. g4 Kc5 35. g5 Bb5 36. Ke3 Kd6 37. Ng3 Ke6 38. h5 gxh5 39. Bf5+ Kf7 40. Nxh5
1-0

[Event "Lloyds Bank Masters 16th"]
[Site "London"]
[Date "1992.08.27"]
[Round "6"]
[White "Frias Pablaza, Victor J"]
[Black "Hodgson, Julian M"]
[Result "0-1"]
[WhiteElo "2460"]
[BlackElo "2535"]
[PlyCount "224"]
[EventDate "1992.08.22"]
[EventType "swiss"]
[EventRounds "10"]
[EventCountry "ENG"]
[SourceTitle "BritBase"]
[Source "John Saunders"]
[SourceDate "2023.12.16"]
[SourceVersion "1"]
[SourceVersionDate "2023.12.16"]
[SourceQuality "1"]

1. e4 c5 2. Nf3 d6 3. d4 cxd4 4. Nxd4 Nf6 5. Nc3 a6 6. Be2 g6 7. Be3 Bg7 8. Qd2
Nbd7 9. g4 d5 10. exd5 Ne5 11. Bh6 Bxh6 12. Qxh6 Nexg4 13. Bxg4 Nxg4 14. Qg7
Rf8 15. h3 Nf6 16. O-O-O Rg8 17. Qh6 g5 18. Ne6 fxe6 19. dxe6 Qxd1+ 20. Rxd1
Rg6 21. Rd8+ Kxd8 22. Qf8+ Ne8 23. Qf7 Rxe6 24. Qxh7 Bd7 25. Ne4 Nf6 26. Qh8+
Kc7 27. Qxa8 Rxe4 28. Qa7 Bc6 29. b3 Nd5 30. a4 Nb6 31. a5 Nd7 32. Qa8 Re5 33.
b4 Rf5 34. Qe8 e5 35. Qg6 Rf3 36. Qxg5 Rxh3 37. f4 e4 38. f5 Rf3 39. c4 e3 40.
Kd1 Be4 41. Ke2 Rxf5 42. Qg3+ Kc8 43. Qg8+ Rf8 44. Qe6 Bc6 45. Kxe3 Kc7 46. Qe7
Rf5 47. Kd4 Kb8 48. Kc3 Rf3+ 49. Kb2 Rf5 50. Qe8+ Ka7 51. Qe3+ Ka8 52. Qe8+ Nb8
53. Qg8 Bd7 54. Kc3 Re5 55. Kd4 Re8 56. Qg6 Rc8 57. Qf7 Nc6+ 58. Ke4 Re8+ 59.
Kf4 Nb8 60. Qg6 Rc8 61. Qe4 Rf8+ 62. Kg3 Re8 63. Qg6 Rc8 64. Qe4 Re8 65. Qg6
Re3+ 66. Kf2 Rc3 67. Qe4 Bc6 68. Qd4 Rb3 69. Qc5 Rf3+ 70. Ke2 Rf4 71. Kd3 Bd7
72. Qd6 Rg4 73. Kc3 Rg8 74. Kb3 Re8 75. Qf6 Rc8 76. Qe5 Nc6 77. Qd6 Be6 78. Kc3
Bg8 79. Qd7 Na7 80. c5 Ba2 81. Qf5 Rb8 82. Qd7 Bb1 83. Qe6 Bh7 84. Qg4 Bg8 85.
Qf5 Rd8 86. c6 Nxc6 87. Qg6 Na7 88. Qf5 Rc8+ 89. Kb2 Bc4 90. Qf6 Bb5 91. Qf5
Rb8 92. Qf2 Nc6 93. Ka3 Re8 94. Qf4 Ne5 95. Qf6 Nc6 96. Qf4 Rd8 97. Kb2 Na7 98.
Qf6 Re8 99. Qf4 Bc6 100. Qf6 Nc8 101. Qf4 Ne7 102. Qe5 Nd5 103. Qd6 Re2+ 104.
Kc1 Rf2 105. Qd8+ Ka7 106. Qg5 Rf4 107. Qg1+ Kb8 108. Qg3 Kc8 109. Kd2 Rxb4
110. Qg8+ Kd7 111. Qh7+ Kd6 112. Qg6+ Kc5 0-1

[Event "Lloyds Bank Masters 16th"]
[Site "London"]
[Date "1992.08.27"]
[Round "6"]
[White "Gallagher, Joseph G"]
[Black "Knott, Simon John Bradley"]
[Result "1-0"]
[WhiteElo "2510"]
[BlackElo "2330"]
[PlyCount "73"]
[EventDate "1992.08.22"]
[EventType "swiss"]
[EventRounds "10"]
[EventCountry "ENG"]
[SourceTitle "BritBase"]
[Source "John Saunders"]
[SourceDate "2023.12.16"]
[SourceVersion "1"]
[SourceVersionDate "2023.12.16"]
[SourceQuality "1"]

1. e4 e6 2. d4 d5 3. Nc3 Bb4 4. e5 c5 5. a3 Bxc3+ 6. bxc3 Ne7 7. Qg4 Qc7 8.
Qxg7 Rg8 9. Qxh7 cxd4 10. Ne2 Nbc6 11. f4 Bd7 12. Qd3 dxc3 13. Nxc3 a6 14. Ne2
Na7 15. Bd2 Bb5 16. Qc3 Qd7 17. Ng3 Bxf1 18. Rxf1 Rc8 19. Qe3 d4 20. Qd3 Qa4
21. Ne4 Rxg2 22. Nd6+ Kd7 23. Nxc8 Kxc8 24. Rb1 Nac6 25. Rh1 Nf5 26. Qb3 b5 27.
Qxa4 bxa4 28. Rb6 Kc7 29. Rxa6 Ne3 30. Bxe3 dxe3 31. Rxa4 Rxc2 32. Rf1 Kb6 33.
Rf3 Kb5 34. Rd4 Rxh2 35. Rxe3 Kc5 36. Red3 Ra2 37. Kd1 1-0

[Event "Lloyds Bank Masters 16th"]
[Site "London"]
[Date "1992.08.27"]
[Round "6"]
[White "Harley, Andrew D"]
[Black "Gurevich, Ilya"]
[Result "0-1"]
[WhiteElo "2280"]
[BlackElo "2510"]
[PlyCount "76"]
[EventDate "1992.08.22"]
[EventType "swiss"]
[EventRounds "10"]
[EventCountry "ENG"]
[SourceTitle "BritBase"]
[Source "John Saunders"]
[SourceDate "2023.12.16"]
[SourceVersion "1"]
[SourceVersionDate "2023.12.16"]
[SourceQuality "1"]

1. e4 c5 2. c3 e6 3. d4 d5 4. e5 Nc6 5. Nf3 Qb6 6. Be2 cxd4 7. cxd4 Nge7 8. Na3
Nf5 9. Nc2 Bb4+ 10. Kf1 Be7 11. h4 Bd7 12. g3 a5 13. a4 Rc8 14. Kg2 Rc7 15. Bd2
Qb3 16. Bc3 Nb4 17. Nxb4 Qxd1 18. Rhxd1 Bxb4 19. Bxb4 axb4 20. Rdc1 Kd8 21. b3
f6 22. Bd3 Ne7 23. Rxc7 Kxc7 24. Rc1+ Kd8 25. exf6 gxf6 26. Ne1 Nc6 27. Nc2 Ke7
28. Rb1 e5 29. Bb5 Bf5 30. Bxc6 Bxc2 31. Rc1 Be4+ 32. f3 Bxf3+ 33. Kxf3 Rc8 34.
dxe5 fxe5 35. Bxb7 Rxc1 36. Bxd5 Kd6 37. Bg8 h5 38. Bf7 Rf1+ 0-1

[Event "Lloyds Bank Masters 16th"]
[Site "London"]
[Date "1992.08.27"]
[Round "6"]
[White "Hebden, Mark L"]
[Black "Poulton, James R"]
[Result "1-0"]
[WhiteElo "2510"]
[BlackElo "2255"]
[PlyCount "127"]
[EventDate "1992.08.22"]
[EventType "swiss"]
[EventRounds "10"]
[EventCountry "ENG"]
[SourceTitle "BritBase"]
[Source "John Saunders"]
[SourceDate "2023.12.16"]
[SourceVersion "1"]
[SourceVersionDate "2023.12.16"]
[SourceQuality "1"]

1. d4 Nf6 2. Nf3 g6 3. Nc3 d5 4. Bf4 Bg7 5. e3 O-O 6. Be2 b6 7. Ne5 Bb7 8. h4
Nfd7 9. h5 Nxe5 10. Bxe5 Bxe5 11. dxe5 e6 12. hxg6 fxg6 13. Bg4 Qe7 14. f4 Nc6
15. Qd2 Rad8 16. Nb5 Na5 17. Qc3 c5 18. O-O-O d4 19. exd4 Bxg2 20. Rh2 Bd5 21.
dxc5 Rxf4 22. cxb6 axb6 23. Qh3 Nc6 24. Nc3 Bc4 25. Qg3 Rdf8 26. Rhd2 Nxe5 27.
Bh3 Qh4 28. Qe3 Ng4 29. Bxg4 Qxg4 30. Qxb6 Rf1 31. b3 Rxd1+ 32. Rxd1 Be2 33.
Rd7 Qf4+ 34. Kb2 Bg4 35. a4 h5 36. a5 Qe5 37. a6 Bf3 38. Rd3 Bd5 39. a7 h4 40.
Qd4 Qxd4 41. Rxd4 Ra8 42. Nxd5 exd5 43. Rxh4 Rxa7 44. Rd4 Rd7 45. c4 Kf7 46.
Kc3 Ke6 47. c5 g5 48. Rg4 Kf5 49. Rg1 g4 50. Kd4 Rb7 51. Rb1 Ke6 52. b4 g3 53.
b5 Rg7 54. b6 g2 55. c6 Kd6 56. c7 Rg8 57. Rc1 Re8 58. Kd3 Rh8 59. Kd2 Re8 60.
b7 g1=Q 61. c8=N+ Kd7 62. Rxg1 Kc7 63. Rc1+ Kb8 64. Nd6 1-0

[Event "Lloyds Bank Masters 16th"]
[Site "London"]
[Date "1992.08.27"]
[Round "6"]
[White "Hon, Andrew HL"]
[Black "Mednis, Edmar John"]
[Result "0-1"]
[WhiteElo "2215"]
[BlackElo "2460"]
[PlyCount "96"]
[EventDate "1992.08.22"]
[EventType "swiss"]
[EventRounds "10"]
[EventCountry "ENG"]
[SourceTitle "BritBase"]
[Source "John Saunders"]
[SourceDate "2023.12.16"]
[SourceVersion "1"]
[SourceVersionDate "2023.12.16"]
[SourceQuality "1"]

1. e4 c5 2. Nf3 Nc6 3. d4 cxd4 4. Nxd4 Nf6 5. Nc3 d6 6. Bc4 e6 7. Be3 Be7 8.
Qe2 O-O 9. O-O-O a6 10. Bb3 Qc7 11. g4 Nxd4 12. Rxd4 b5 13. g5 Nd7 14. Rg1 Rb8
15. Qh5 b4 16. e5 Nxe5 17. Rh4 h6 18. Ne4 Rb5 19. Qe2 Bb7 20. Nf6+ Bxf6 21.
gxf6 g6 22. Bxh6 Nf3 23. Rgg4 Nxh4 24. Rxh4 Qc5 25. Qd2 g5 26. Rh5 Qc6 27. Bd5
Qxd5 28. Rxg5+ Qxg5 29. Bxg5 Be4 30. Qf4 Rc8 31. c3 bxc3 32. b3 Re5 33. Qg3 Bg6
34. Be3 Ra5 35. a4 Rh5 36. Qxd6 Rd5 37. Qg3 Rcd8 38. Qg4 a5 39. h4 Kf8 40. Qg1
Ke8 41. Qe1 Rc8 42. Qe2 Rc6 43. Bg5 Kd7 44. Bf4 Kc8 45. f3 Kb7 46. Be3 Rcd6 47.
Bf4 Bd3 48. Qe1 Rb6 0-1

[Event "Lloyds Bank Masters 16th"]
[Site "London"]
[Date "1992.08.27"]
[Round "6"]
[White "Norwood, David Robert"]
[Black "Crouch, Colin S"]
[Result "1-0"]
[WhiteElo "2510"]
[BlackElo "2425"]
[PlyCount "57"]
[EventDate "1992.08.22"]
[EventType "swiss"]
[EventRounds "10"]
[EventCountry "ENG"]
[SourceTitle "BritBase"]
[Source "John Saunders"]
[SourceDate "2023.12.16"]
[SourceVersion "1"]
[SourceVersionDate "2023.12.16"]
[SourceQuality "1"]

1. g3 d5 2. Bg2 Nf6 3. d3 e6 4. Nf3 b6 5. O-O Bb7 6. Nbd2 Be7 7. e4 dxe4 8. Ng5
Qd7 9. Ndxe4 Nxe4 10. Nxe4 Nc6 11. Bd2 O-O-O 12. Bc3 f5 13. Bxg7 fxe4 14. Bxh8
Rxh8 15. dxe4 Qxd1 16. Raxd1 Ne5 17. Bh3 Bxe4 18. Bxe6+ Kb8 19. Bd5 Bxc2 20.
Rde1 Bd6 21. f4 Ng4 22. Kg2 Bb4 23. h3 Nf6 24. Bc6 Bxe1 25. Rxe1 Rd8 26. g4 Rd4
27. g5 Be4+ 28. Bxe4 Rxe4 29. gxf6 1-0